000 00671nam a22001577a 4500
999 _c62838
_d62838
003 Ge_BSU
005 20250306170237.0
008 250306s1937 ge ||||| |||| 00| 0 geo d
041 _ageo
080 _a579(075.32) კ-90
100 _aკუნჭულია, გრ.
_924476
245 _aმიკრობიოლოგიის კურსი :
_cსახელმძღვანელო საფერშლო სკოლებისა და საბებიო კურსებისათვის.
264 _aთბ. :
_bსაქმედგამი,
_c1937.
300 _a120 გვ. :
_b ილ. ;
_c21 სმ.
942 _2udc
_cᲬᲘᲒᲜᲘ